[Event "GER M07-C email"]
[Site "GER email"]
[Date "2018.06.19"]
[Round "?"]
[White "Scheiba, Manfred"]
[Black "Felkel, Siegfried"]
[Result "1/2-1/2"]
[WhiteElo "2414"]
[BlackElo "2404"]
[PlyCount "73"]
[EventDate "2018.??.??"]
[EventType "tourn (corr)"]
[EventRounds "10"]
[EventCountry "GER"]
[SourceTitle "Corr 2022"]
[Source "ChessBase"]
[SourceDate "2021.10.24"]
[SourceVersion "1"]
[SourceVersionDate "2021.10.24"]
[SourceQuality "1"]

1. e4 c5 2. Nc3 Nc6 3. Nf3 e5 4. Bc4 Be7 5. d3 Nf6 6. Nd2 d6 7. Nf1 Bg4 8. f3 Be6 9. Ne3 0-0 10. 0-0 Nh5 11. Ncd5 Bg5 12. g3 Bxe3+ 13. Bxe3 Ne7 14. Bg5 Bxd5 15. Bxd5 h6 16. Bh4 Qd7 17. f4 Nxd5 18. exd5 g6 19. f5 Ng7 20. g4 gxf5 21. gxf5 f6 22. Qf3 Qf7 23. Kh1 Qh5 24. Qe4 Kf7 25. h3 Rg8 26. Kh2 Raf8 27. b4 Ne8 28. a3 Rg7 29. Rg1 Rfg8 30. Rxg7+ Rxg7 31. Rb1 Kf8 32. b5 b6 33. a4 Kg8 34. Ra1 Kh7 35. Rf1 Kg8 36. c4 Kf8 37. Re1 1/2-1/2

[Event "GER CM04-A email"]
[Site "GER email"]
[Date "2017.06.26"]
[Round "?"]
[White "Felkel, Siegfried"]
[Black "Gonzaga Grego, Luis Jose"]
[Result "1/2-1/2"]
[WhiteElo "2394"]
[BlackElo "2405"]
[PlyCount "81"]
[EventDate "2017.??.??"]
[EventType "tourn (corr)"]
[EventRounds "10"]
[EventCountry "GER"]
[SourceTitle "Corr 2020"]
[Source "ChessBase"]
[SourceDate "2019.09.30"]
[SourceVersion "1"]
[SourceVersionDate "2019.09.30"]
[SourceQuality "1"]

1. d4 Nf6 2. c4 g6 3. Nc3 Bg7 4. e4 d6 5. Be2 0-0 6. Nf3 e5 7. 0-0 Nc6 8. d5 Ne7 9. Ne1 Nd7 10. Be3 f5 11. f3 f4 12. Bf2 g5 13. Rc1 Ng6 14. c5 Nxc5 15. b4 Na6 16. Nd3 h5 17. Nb5 b6 18. Rc3 Rf7 19. Be1 Bf6 20. Qb3 Rg7 21. Nf2 Nh8 22. h3 Nf7 23. Bd2 Nh6 24. Rfc1 g4 25. fxg4 hxg4 26. Nxg4 Nxg4 27. hxg4 Bg5 28. Rf1 Qe8 29. Be1 Bd7 30. Na3 Qc8 31. Qc4 b5 32. Nxb5 Bxg4 33. a4 Bd8 34. Rc2 Qd7 35. Bf3 Rb8 36. Qc6 Rb6 37. Qxd7 Bxd7 38. Be2 c6 39. dxc6 Rxc6 40. Rxc6 Bxc6 41. Nxd6 1/2-1/2

[Event "GER CM04-A email"]
[Site "GER email"]
[Date "2017.06.26"]
[Round "?"]
[White "Mulligan, Barrie"]
[Black "Felkel, Siegfried"]
[Result "1/2-1/2"]
[WhiteElo "2397"]
[BlackElo "2394"]
[PlyCount "81"]
[EventDate "2017.??.??"]
[EventType "tourn (corr)"]
[EventRounds "10"]
[EventCountry "GER"]
[SourceTitle "Corr 2020"]
[Source "ChessBase"]
[SourceDate "2019.09.30"]
[SourceVersion "1"]
[SourceVersionDate "2019.09.30"]
[SourceQuality "1"]

1. e4 c5 2. Nf3 Nc6 3. Nc3 e5 4. Bc4 Be7 5. d3 Nf6 6. Nd2 d6 7. Nf1 Bg4 8. f3 Be6 9. Ne3 0-0 10. a4 Nb4 11. Bd2 Nh5 12. 0-0 Bg5 13. Ncd5 Nxd5 14. Nxd5 Rc8 15. Bxg5 Qxg5 16. Nc3 Rcd8 17. Qc1 Qe7 18. Qd2 Qd7 19. a5 Nf4 20. b3 Ng6 21. Nb5 Ra8 22. g3 b6 23. axb6 axb6 24. Qf2 h6 25. Rfe1 Rfd8 26. Nc3 Ne7 27. Bb5 Qb7 28. f4 Bd7 29. fxe5 dxe5 30. Bc4 Be6 31. Nb5 Nc6 32. Kg2 Rxa1 33. Rxa1 Qe7 34. Ra6 Qb7 35. Bxe6 fxe6 36. Ra1 Rf8 37. Qe2 Qd7 38. Rf1 Rxf1 39. Kxf1 Nd4 40. Nxd4 exd4 41. Kg2 1/2-1/2

[Event "GER M05-A email"]
[Site "GER email"]
[Date "2016.06.26"]
[Round "?"]
[White "Felkel, Siegfried"]
[Black "Keuter, Klaus"]
[Result "1/2-1/2"]
[WhiteElo "2414"]
[BlackElo "2421"]
[PlyCount "71"]
[EventDate "2016.??.??"]
[EventType "tourn (corr)"]
[EventRounds "15"]
[EventCountry "GER"]
[SourceTitle "Corr 2017"]
[Source "ChessBase"]
[SourceDate "2017.09.19"]
[SourceVersion "1"]
[SourceVersionDate "2017.09.19"]
[SourceQuality "1"]

1. d4 Nf6 2. c4 e6 3. Nf3 d5 4. Nc3 c6 5. Bg5 h6 6. Bh4 dxc4 7. e4 g5 8. Bg3 b5 9. Be2 Bb7 10. 0-0 Nbd7 11. Ne5 Bg7 12. Nxd7 Qxd7 13. e5 Nd5 14. Ne4 Bf8 15. a4 a6 16. Qc1 Be7 17. Rd1 Rg8 18. h3 Kf8 19. Rb1 Kg7 20. b3 cxb3 21. Rxb3 bxa4 22. Rf3 a5 23. h4 Ba6 24. Bxa6 Rxa6 25. hxg5 hxg5 26. Nxg5 Bxg5 27. Qxg5+ Kf8 28. Qh6+ Ke8 29. Ra1 Qe7 30. Bh4 Qb4 31. Qh5 Qf8 32. Rxa4 Rh8 33. Qg5 Qe7 34. Qxe7+ Nxe7 35. g3 Nd5 36. Rfa3 1/2-1/2

[Event "GER M05-A email"]
[Site "GER email"]
[Date "2016.06.26"]
[Round "?"]
[White "Felkel, Siegfried"]
[Black "Schulz, Guenter"]
[Result "1/2-1/2"]
[WhiteElo "2414"]
[BlackElo "2379"]
[PlyCount "48"]
[EventDate "2016.??.??"]
[EventType "tourn (corr)"]
[EventRounds "15"]
[EventCountry "GER"]
[SourceTitle "Corr 2017"]
[Source "ChessBase"]
[SourceDate "2017.09.19"]
[SourceVersion "1"]
[SourceVersionDate "2017.09.19"]
[SourceQuality "1"]

1. d4 Nf6 2. c4 g6 3. Nc3 d5 4. Nf3 Bg7 5. Qb3 dxc4 6. Qxc4 0-0 7. e4 a6 8. Be2 b5 9. Qb3 c5 10. dxc5 Be6 11. Qc2 Nbd7 12. Be3 Rc8 13. Rd1 b4 14. Nd5 Bxd5 15. exd5 Nxc5 16. 0-0 a5 17. Bb5 Nce4 18. Qd3 Nd6 19. Bc6 Nf5 20. Bf4 Qb6 21. Ne5 Nh5 22. Be3 Qc7 23. Nd7 Nxe3 24. Qxe3 Rfd8 1/2-1/2

[Event "GER M05-A email"]
[Site "GER email"]
[Date "2016.06.26"]
[Round "?"]
[White "Loeschnauer, Ruediger"]
[Black "Felkel, Siegfried"]
[Result "1/2-1/2"]
[WhiteElo "2480"]
[BlackElo "2414"]
[PlyCount "36"]
[EventDate "2016.??.??"]
[EventType "tourn (corr)"]
[EventRounds "15"]
[EventCountry "GER"]
[SourceTitle "Corr 2017"]
[Source "ChessBase"]
[SourceDate "2017.09.19"]
[SourceVersion "1"]
[SourceVersionDate "2017.09.19"]
[SourceQuality "1"]

1. d4 Nf6 2. c4 e6 3. Nc3 Bb4 4. e3 0-0 5. Nge2 d5 6. a3 Be7 7. cxd5 exd5 8. Nf4 c6 9. Bd3 Re8 10. 0-0 Nbd7 11. f3 Nf8 12. b4 Ng6 13. Nfe2 a5 14. bxa5 Bd6 15. Bd2 Bc7 16. Qc2 Bxa5 17. a4 Bc7 18. Ng3 Nf8 1/2-1/2

[Event "GER M05-A email"]
[Site "GER email"]
[Date "2016.06.26"]
[Round "?"]
[White "Pantazi, Adrian"]
[Black "Felkel, Siegfried"]
[Result "1/2-1/2"]
[WhiteElo "2454"]
[BlackElo "2414"]
[PlyCount "54"]
[EventDate "2016.??.??"]
[EventType "tourn (corr)"]
[EventRounds "15"]
[EventCountry "GER"]
[SourceTitle "Corr 2017"]
[Source "ChessBase"]
[SourceDate "2017.09.19"]
[SourceVersion "1"]
[SourceVersionDate "2017.09.19"]
[SourceQuality "1"]

1. d4 Nf6 2. c4 e6 3. Nf3 d5 4. Nc3 c6 5. Bg5 h6 6. Bh4 dxc4 7. e4 g5 8. Bg3 b5 9. Be2 Bb7 10. 0-0 Nbd7 11. Ne5 Bg7 12. Nxd7 Nxd7 13. Bd6 a6 14. a4 b4 15. Bxb4 Qb6 16. Ba3 Qxd4 17. Qc2 c5 18. Rad1 Qe5 19. Bxc4 Qc7 20. Ne2 Be5 21. Kh1 0-0 22. Ng3 Rfd8 23. b3 Nf8 24. Be2 Rac8 25. Rxd8 Qxd8 26. Rd1 Qa5 27. Bb2 Bxb2 1/2-1/2